00491nam a2200121Ia 4500001000400000008004100004082002400045100009500069245011300164260004800277901002900325999001500354259241024s9999 xx 000 0 und d aRD/577.7/R426i/2005 aRepública Dominicana.Secretaria de Estado de Educación.Cooperación Técnica Alemana 0aInforme sobre monitoreo a las acciones de las escuelas involucradas al programa Gestión Recursos Naturales bDepartamento de Educación Ambientalc2005 a27/10/2010 10:08:28 a.m. c8165d8165